LEADER 01178nam 2200337 450 001 996682782703316 005 20251217085354.0 010 $a978-88-908-4555-0 100 $a20251021d2021----km y0itay5003 ba 101 0 $aita 102 $aIT 105 $aaaa 001yy 200 1 $aProntuario di nutraceutica ad uso umano$fArrigo F. G. Cicero e Alessandro Colletti 210 $aMilano$cScripta manent$d2021 215 $a325, XLIV p.$cill.$d20x20 cm 300 $aSul frontespizio: SINut, Società Italiana di Nutraceutica. Con appendici di testi. Paginazione delle appendici in numeri romani 606 0 $aDietetica$2BNCF 606 0 $aFarmacologia$2BNCF 676 $a613.2 700 1$aCICERO,$bArrigo F. G.$0786998 701 1$aCOLLETTI,$bAlessandro$0279286 801 0$aIT$bcba$gREICAT 912 $a996682782703316 951 $a613.2 CIC 1$b6745 Farm.$c613.2$d00338326 951 $a613.2 CIC 1 a$b6746 Farm.$c613.2$d00338327 951 $a613.2 CIC 1 b$b6844 Farm.$c613.2$d00338475 951 $a613.2 CIC 1 c$b6845 Farm.$c613.2$d00338476 959 $aBK 969 $aFAR 996 $aProntuario di nutraceutica ad uso umano$94445489 997 $aUNISA